[Event "Mitropa Cup (Women)"]
[Site "Steinbrunn"]
[Date "2005.05.27"]
[Round "7"]
[White "Ambrosi, Eleonora"]
[Black "Mira, Helene"]
[Result "0-1"]
[WhiteElo "2125"]
[BlackElo "2188"]
[PlyCount "64"]
[EventDate "2005.05.21"]
[EventType "team-tourn"]
[EventRounds "9"]
[EventCountry "AUT"]
[SourceTitle "CBM 106 Extra"]
[Source "ChessBase"]
[SourceDate "2005.07.01"]
[SourceVersion "1"]
[SourceVersionDate "2005.07.01"]
[SourceQuality "1"]
[WhiteTeam "Italy (W)"]
[BlackTeam "Austria (W)"]
[WhiteTeamCountry "ITA"]
[BlackTeamCountry "AUT"]

1. e4 d6 2. d4 Nf6 3. Nc3 c6 4. Bg5 Qb6 5. Rb1 Nbd7 6. b4 e5 7. Be3 Qc7 8. Bd3 exd4 9. Bxd4 Ne5 10. Be2 Be7 11. f4 Ng6 12. Qd2 d5 13. e5 Ne4 14. Nxe4 dxe4 15. Qe3 Nh4 16. Kf1 0-0 17. g3 Nf5 18. Qxe4 Nxd4 19. Qxd4 Bf5 20. Bd3 Rfd8 21. Qe3 Bxd3+ 22. cxd3 Qd7 23. Rb3 a5 24. bxa5 Rxa5 25. Rb2 b5 26. Nf3 Rda8 27. Kg2 Rxa2 28. Rhb1 R8a3 29. Rxa2 Rxa2+ 30. Kg1 Qd5 31. Rc1 b4 32. Nd2 b3 0-1

[Event "Olympiad Women-36"]
[Site "Mallorca"]
[Date "2004.10.22"]
[Round "7.2"]
[White "Heinatz, Gundula"]
[Black "Ambrosi, Eleonora"]
[Result "0-1"]
[WhiteElo "2244"]
[BlackElo "2099"]
[PlyCount "66"]
[EventDate "2004.10.15"]
[EventType "team-swiss"]
[EventRounds "14"]
[EventCountry "ESP"]
[SourceTitle "CBM 102 Extra"]
[Source "ChessBase"]
[SourceDate "2004.11.03"]
[SourceVersion "1"]
[SourceVersionDate "2004.11.03"]
[SourceQuality "1"]
[WhiteTeam "Switzerland (W)"]
[BlackTeam "Italy (W)"]
[WhiteTeamCountry "SUI"]
[BlackTeamCountry "ITA"]

1. d4 d5 2. c4 Nc6 3. cxd5 Qxd5 4. e3 e5 5. Nc3 Bb4 6. Bd2 Bxc3 7. bxc3 Nf6 8. f3 Qd6 9. Bb5 0-0 10. Ne2 a6 11. Bxc6 bxc6 12. e4 a5 13. 0-0 Ba6 14. Be3 Rfe8 15. Re1 Nd7 16. Ng3 g6 17. Qc2 f6 18. Rad1 Qe7 19. f4 exf4 20. Bxf4 Nb6 21. Qf2 Qf7 22. h4 Nc4 23. Bh6 Re7 24. Qf4 Rae8 25. Rb1 Nd6 26. Rb2 Bd3 27. Rf2 Nxe4 28. Nxe4 f5 29. Ng5 Rxe1+ 30. Kh2 Qe7 31. Nf3 Re4 32. Qg3 Rg4 33. Qe5 Rxh4+ 0-1

[Event "Olympiad Women-36"]
[Site "Mallorca"]
[Date "2004.10.20"]
[Round "6.2"]
[White "Ambrosi, Eleonora"]
[Black "Senanayake, Pramodya"]
[Result "1-0"]
[WhiteElo "2099"]
[BlackElo "1673"]
[PlyCount "111"]
[EventDate "2004.10.15"]
[EventType "team-swiss"]
[EventRounds "14"]
[EventCountry "ESP"]
[SourceTitle "CBM 102 Extra"]
[Source "ChessBase"]
[SourceDate "2004.11.03"]
[SourceVersion "1"]
[SourceVersionDate "2004.11.03"]
[SourceQuality "1"]
[WhiteTeam "Italy (W)"]
[BlackTeam "Sri Lanka (W)"]
[WhiteTeamCountry "ITA"]
[BlackTeamCountry "SRI"]

1. e4 e5 2. Nf3 Nc6 3. Bb5 a6 4. Bxc6 dxc6 5. d4 exd4 6. Qxd4 Qxd4 7. Nxd4 c5 8. Nb3 Bd7 9. Be3 b6 10. Nc3 Ne7 11. 0-0 Bc6 12. Rad1 Ng6 13. f4 Bd6 14. Nd2 0-0-0 15. e5 Be7 16. Nde4 h6 17. g3 Rhe8 18. h4 Bf8 19. h5 Ne7 20. g4 Nd5 21. Nxd5 Bxd5 22. Nc3 Bc6 23. Kf2 Bb7 24. Rxd8+ Kxd8 25. Rd1+ Kc8 26. Nd5 Bc6 27. c4 Bb7 28. b3 Bc6 29. Bc1 Be7 30. Kg3 Bd8 31. Bb2 Be7 32. Ne3 Bf8 33. Nf5 Be4 34. Re1 Bxf5 35. gxf5 Kd7 36. Rd1+ Kc8 37. Kf3 Re7 38. Re1 Kd7 39. Re4 Re8 40. Bc3 a5 41. Be1 Re7 42. Bh4 Re8 43. f6 gxf6 44. Bxf6 c6 45. f5 Kc7 46. Re1 Kd7 47. Rg1 Kc7 48. Bg7 Kd7 49. Bf6 Be7 50. Kf4 Bf8 51. Rg8 Be7 52. Rxe8 Kxe8 53. Bxe7 Kxe7 54. f6+ Ke6 55. Ke4 b5 56. Kf4 1-0

[Event "ITA-ch (Women)"]
[Site "Porto San Giorgio"]
[Date "2004.08.23"]
[Round "4"]
[White "Ambrosi, Eleonora"]
[Black "Bianchini, Aurora"]
[Result "1-0"]
[WhiteElo "2118"]
[BlackElo "1775"]
[PlyCount "117"]
[EventDate "2004.08.20"]
[EventType "swiss"]
[EventRounds "9"]
[EventCountry "ITA"]
[SourceTitle "EXT 2005"]
[Source "ChessBase"]
[SourceDate "2004.11.15"]
[SourceVersion "1"]
[SourceVersionDate "2004.11.15"]
[SourceQuality "1"]

1. d4 Nf6 2. Nf3 e6 3. c4 c5 4. Nc3 cxd4 5. Nxd4 Bb4 6. Ndb5 0-0 7. Bg5 Na6 8. a3 Be7 9. g3 Nc7 10. Nd6 Bxd6 11. Qxd6 Nce8 12. Qd4 Qa5 13. h4 e5 14. Qd3 h6 15. Be3 d6 16. Bg2 a6 17. b4 Qc7 18. Na4 Be6 19. Rc1 Ng4 20. Bb6 Qd7 21. Nc3 Rc8 22. Nd5 Ngf6 23. 0-0 Nxd5 24. cxd5 Rxc1 25. Rxc1 Bh3 26. Rc3 Bxg2 27. Kxg2 f5 28. Qc2 Qf7 29. Qd2 Qg6 30. f4 exf4 31. Qxf4 Qf7 32. Rd3 Qe7 33. Re3 Qf7 34. Re6 Qd7 35. Qe3 Qb5 36. Qd4 Qd7 37. Qd3 Rf6 38. Qe3 Rxe6 39. dxe6 Qc6+ 40. Kg1 Qe4 41. Qxe4 fxe4 42. Kf2 Nf6 43. Bc7 Ne8 44. Bd8 Kf8 45. Ke3 d5 46. Kd4 Nd6 47. Kxd5 Nb5 48. Kxe4 Nxa3 49. Bb6 Nb5 50. Bc5+ Kg8 51. Kf5 Nc7 52. Bd6 Nb5 53. Be5 g5 54. hxg5 hxg5 55. Kxg5 Kf8 56. Kf6 Na7 57. Bd6+ Ke8 58. g4 Nc8 59. Ke5 1-0